00382nam a2200133Ia 450000500170000000800410001702000150005808200130007310000170008624500520010326000430015530000130019850000370021120250606015814.0240331s9999 xx 000 0 und d a9558596299 bJAYa306 aJayatunghe,N 0aVivahaya pilibanda samaja vidyathmaka vimasumak aJa elabSamantha Book Publishersc2005 a116 p ., aA Sociological Study of Marriage